[Event "Daventry 4NCL Easter Open"]
[Site "Daventry"]
[Date "2025.04.18"]
[Round "1.1"]
[White "Mahadevan, Siva"]
[Black "Varley, Joe"]
[Result "1-0"]
[WhiteElo "2517"]
[BlackElo "2098"]
[PlyCount "65"]
[EventDate "2025.04.18"]
[EventType "swiss"]
[EventRounds "7"]
[EventCountry "ENG"]
[SourceTitle "BritBase"]
[Source "John Saunders"]
[SourceDate "2025.09.17"]
[SourceVersion "1"]
[SourceVersionDate "2025.09.17"]
[SourceQuality "1"]

1. Nf3 Nf6 2. c4 g6 3. Nc3 c5 4. e4 Nc6 5. d4 cxd4 6. Nxd4 Bg7 7. Be3 Ng4 8. Qxg4 Nxd4 9. Qd1 Nc6 10. Qd2 Qa5 11. Rc1 O-O 12. Be2 d6 13. O-O Rd8 14. Rfd1 Be6 15. f4 f5 16. exf5 gxf5 17. b3 Bf7 18. Bf3 Rac8 19. Bf2 e5 20. Bd5 Bxd5 21. Nxd5 Qxd2 22. Rxd2 Kf7 23. Rcd1 Bh6 24. Be3 b6 25. fxe5 Bxe3+ 26. Nxe3 f4 27. Nf5 Ke6 28. Nxd6 Ra8 29. Nb5 Rxd2 30. Rxd2 Kxe5 31. Rd5+ Ke4 32. Kf2 Ne5 33. Nd6# 1-0

[Event "Daventry 4NCL Easter Open"]
[Site "Daventry"]
[Date "2025.04.18"]
[Round "1.2"]
[White "Sasikumar, Srivathsan"]
[Black "Hebden, Mark L"]
[Result "0-1"]
[WhiteElo "2058"]
[BlackElo "2451"]
[PlyCount "94"]
[EventDate "2025.04.18"]
[EventType "swiss"]
[EventRounds "7"]
[EventCountry "ENG"]
[SourceTitle "BritBase"]
[Source "John Saunders"]
[SourceDate "2025.09.17"]
[SourceVersion "1"]
[SourceVersionDate "2025.09.17"]
[SourceQuality "1"]

1. e4 e5 2. Nc3 Nf6 3. f4 d5 4. fxe5 Nxe4 5. Qf3 f5 6. d3 Nxc3 7. bxc3 c5 8. Qg3 Nc6 9. Be2 Be6 10. Bf3 Qc7 11. Bf4 Be7 12. h4 O-O-O 13. Ne2 d4 14. c4 Rdg8 15. Kf2 g6 16. Bxc6 Qxc6 17. Bg5 Re8 18. Bxe7 Rxe7 19. Rhe1 Rhe8 20. Ng1 f4 21. Qh2 Qa4 22. Re2 Bg4 23. Nf3 Bxf3 24. gxf3 Rxe5 25. Rxe5 Qxc2+ 26. Kg1 Qxh2+ 27. Kxh2 Rxe5 28. Kh3 h5 29. Rg1 Re3 30. Rxg6 Rxf3+ 31. Kh2 Rxd3 32. Rg5 Rd2+ 33. Kh3 Rd3+ 34. Kh2 b6 35. Rxh5 Rc3 36. Rf5 Rxc4 37. h5 Rc2+ 38. Kh3 Re2 39. h6 Re8 40. h7 Rh8 41. Rf7 d3 42. Rxa7 Rxh7+ 43. Rxh7 d2 44. Rh8+ Kd7 45. Rh7+ Ke6 46. Rh6+ Ke5 47. Rh5+ Ke4 0-1

[Event "Daventry 4NCL Easter Open"]
[Site "Daventry"]
[Date "2025.04.18"]
[Round "1.3"]
[White "Bin-Suhayl, Ieysaa"]
[Black "Gordon, Sean"]
[Result "1-0"]
[WhiteElo "2335"]
[BlackElo "2050"]
[PlyCount "35"]
[EventDate "2025.04.18"]
[EventType "swiss"]
[EventRounds "7"]
[EventCountry "ENG"]
[SourceTitle "BritBase"]
[Source "John Saunders"]
[SourceDate "2025.09.17"]
[SourceVersion "1"]
[SourceVersionDate "2025.09.17"]
[SourceQuality "1"]

1. d4 d5 2. c4 c6 3. e3 Nf6 4. Nf3 Bf5 5. Nc3 e6 6. Nh4 Bg6 7. Qb3 Qc7 8. Nxg6 hxg6 9. Bd2 Ne4 10. Nxe4 dxe4 11. d5 exd5 12. cxd5 Rh5 13. Rc1 Qd7 14. dxc6 Nxc6 15. Bb5 O-O-O 16. Ba5 Re8 17. Rxc6+ Kb8 18. Rc5 1-0

[Event "Daventry 4NCL Easter Open"]
[Site "Daventry"]
[Date "2025.04.18"]
[Round "1.4"]
[White "Sullivan, Daniel JS"]
[Black "Raju, Sooraj Menothuparam"]
[Result "1/2-1/2"]
[WhiteElo "2050"]
[BlackElo "2309"]
[PlyCount "71"]
[EventDate "2025.04.18"]
[EventType "swiss"]
[EventRounds "7"]
[EventCountry "ENG"]
[SourceTitle "BritBase"]
[Source "John Saunders"]
[SourceDate "2025.09.17"]
[SourceVersion "1"]
[SourceVersionDate "2025.09.17"]
[SourceQuality "1"]

1. c4 f5 2. Nf3 Nf6 3. g3 g6 4. Bg2 d6 5. b4 e5 6. d3 Bg7 7. Bb2 O-O 8. O-O h6 9. Nc3 g5 10. a4 a5 11. b5 Nbd7 12. Nd2 Qe8 13. e3 f4 14. exf4 gxf4 15. Nde4 Qg6 16. Rc1 Nc5 17. Nxc5 dxc5 18. Qe2 Kh8 19. Ne4 Bg4 20. f3 Nxe4 21. fxg4 Ng5 22. Bxb7 Rae8 23. Rcd1 Ne6 24. Be4 Qg5 25. Bf5 Nd4 26. Bxd4 exd4 27. Be4 fxg3 28. Rxf8+ Bxf8 29. hxg3 Bd6 30. Qd2 Qg7 31. Kg2 Kg8 32. Bd5+ Kh7 33. Be4+ Kg8 34. Bd5+ Kh8 35. Be4 Kg8 36. Bd5+ 1/2-1/2

[Event "Daventry 4NCL Easter Open"]
[Site "Daventry"]
[Date "2025.04.18"]
[Round "1.5"]
[White "Jones, Steven A"]
[Black "Baer, Bruce L"]
[Result "0-1"]
[WhiteElo "2291"]
[BlackElo "2046"]
[PlyCount "64"]
[EventDate "2025.04.18"]
[EventType "swiss"]
[EventRounds "7"]
[EventCountry "ENG"]
[SourceTitle "BritBase"]
[Source "John Saunders"]
[SourceDate "2025.09.17"]
[SourceVersion "1"]
[SourceVersionDate "2025.09.17"]
[SourceQuality "1"]

1. e4 g6 2. d4 Bg7 3. Nc3 a6 4. Be3 d6 5. f4 b5 6. Nf3 Bb7 7. Bd3 Nd7 8. Qe2 Rc8 9. a4 b4 10. Nd1 a5 11. O-O c5 12. Nf2 cxd4 13. Nxd4 Ngf6 14. e5 dxe5 15. fxe5 Nxe5 16. Bb5+ Ned7 17. Ng4 O-O 18. Nh6+ Bxh6 19. Bxh6 Qb6 20. Be3 Qc7 21. Rad1 Nb6 22. Kh1 Nbd5 23. Bh6 e5 24. Bxf8 Kxf8 25. Nf3 Nf4 26. Qe1 e4 27. Nd4 e3 28. Qh4 N6h5 29. Kg1 Bxg2 30. Rfe1 Qe5 31. Qg4 f5 32. Qh4 g5 0-1

[Event "Daventry 4NCL Easter Open"]
[Site "Daventry"]
[Date "2025.04.18"]
[Round "1.6"]
[White "Hertog, Alexander"]
[Black "Vaidyanathan, Adithya"]
[Result "0-1"]
[WhiteElo "2015"]
[BlackElo "2287"]
[PlyCount "66"]
[EventDate "2025.04.18"]
[EventType "swiss"]
[EventRounds "7"]
[EventCountry "ENG"]
[SourceTitle "BritBase"]
[Source "John Saunders"]
[SourceDate "2025.09.17"]
[SourceVersion "1"]
[SourceVersionDate "2025.09.17"]
[SourceQuality "1"]

1. d4 Nf6 2. c4 c5 3. d5 b5 4. cxb5 a6 5. bxa6 Bxa6 6. Nc3 g6 7. Nf3 d6 8. e4 Bxf1 9. Kxf1 Qc8 10. h3 Bg7 11. g3 O-O 12. Kg2 Nbd7 13. Re1 Qa6 14. Qc2 Rfb8 15. b3 c4 16. Bb2 Nc5 17. e5 Nfd7 18. e6 fxe6 19. dxe6 Nb6 20. Ne4 Nd3 21. Bxg7 Nxe1+ 22. Rxe1 Kxg7 23. Qb2+ Kg8 24. Nfg5 c3 25. Qxc3 Qa5 26. Qc7 Nd5 27. Qxa5 Rxa5 28. Re2 Nb4 29. a4 Na6 30. Re3 d5 31. Nd2 d4 32. Rd3 Rxg5 33. Rxd4 Re5 0-1

[Event "Daventry 4NCL Easter Open"]
[Site "Daventry"]
[Date "2025.04.18"]
[Round "1.7"]
[White "Willmoth, Robert F"]
[Black "Shivakumar, Akshath"]
[Result "1/2-1/2"]
[WhiteElo "2248"]
[BlackElo "2007"]
[PlyCount "39"]
[EventDate "2025.04.18"]
[EventType "swiss"]
[EventRounds "7"]
[EventCountry "ENG"]
[SourceTitle "BritBase"]
[Source "John Saunders"]
[SourceDate "2025.09.17"]
[SourceVersion "1"]
[SourceVersionDate "2025.09.17"]
[SourceQuality "1"]

1. d4 d5 2. Nf3 e6 3. b3 c6 4. Bb2 f5 5. g3 Nf6 6. Bg2 Bd6 7. O-O O-O 8. Nbd2 Nbd7 9. e3 b6 10. c4 Bb7 11. Rc1 Qe7 12. Ne1 Rac8 13. Nd3 c5 14. Re1 e5 15. f4 e4 16. Ne5 cxd4 17. exd4 Bb4 18. h3 Nxe5 19. fxe5 Nd7 20. Re2 1/2-1/2

[Event "Daventry 4NCL Easter Open"]
[Site "Daventry"]
[Date "2025.04.18"]
[Round "1.8"]
[White "Cast, Julian"]
[Black "Okhai, Shabir"]
[Result "1/2-1/2"]
[WhiteElo "2006"]
[BlackElo "2222"]
[PlyCount "55"]
[EventDate "2025.04.18"]
[EventType "swiss"]
[EventRounds "7"]
[EventCountry "ENG"]
[SourceTitle "BritBase"]
[Source "John Saunders"]
[SourceDate "2025.09.17"]
[SourceVersion "1"]
[SourceVersionDate "2025.09.17"]
[SourceQuality "1"]

1. d4 Nf6 2. e3 e6 3. Bd3 d5 4. Nd2 c5 5. c3 Be7 6. f4 b6 7. Ngf3 O-O 8. Ne5 cxd4 9. exd4 Ba6 10. Bxa6 Nxa6 11. Qe2 Nc7 12. O-O Nce8 13. f5 Nd6 14. fxe6 fxe6 15. Nd3 Qd7 16. Nf3 Nfe4 17. Bf4 Rae8 18. Rae1 Nc4 19. Nfe5 Nxe5 20. Nxe5 Qc8 21. Rf3 Bd6 22. Ref1 Rf6 23. Ng4 Rxf4 24. Rxf4 Bxf4 25. Rxf4 Rf8 26. Qf3 Rxf4 27. Qxf4 b5 28. Ne5 1/2-1/2

[Event "Daventry 4NCL Easter Open"]
[Site "Daventry"]
[Date "2025.04.18"]
[Round "1.9"]
[White "Elgar, Tim"]
[Black "Ward, Cian"]
[Result "1/2-1/2"]
[WhiteElo "2210"]
[BlackElo "1993"]
[PlyCount "101"]
[EventDate "2025.04.18"]
[EventType "swiss"]
[EventRounds "7"]
[EventCountry "ENG"]
[SourceTitle "BritBase"]
[Source "John Saunders"]
[SourceDate "2025.09.17"]
[SourceVersion "1"]
[SourceVersionDate "2025.09.17"]
[SourceQuality "1"]

1. Nf3 d5 2. g3 Nf6 3. Bg2 e6 4. O-O Be7 5. d3 O-O 6. Nbd2 c5 7. e4 Nc6 8. Re1 Qc7 9. c3 dxe4 10. dxe4 e5 11. Nc4 b5 12. Ne3 Rd8 13. Qc2 Ba6 14. Nf5 Rab8 15. Bf1 c4 16. Bg5 Bc8 17. Ne3 Be6 18. h4 h6 19. Bxf6 Bxf6 20. Kh2 Rd6 21. Bh3 Bxh3 22. Kxh3 Qd7+ 23. Kg2 Ne7 24. a4 a6 25. Red1 Rbb6 26. axb5 axb5 27. b3 cxb3 28. Qxb3 Rxd1 29. Rxd1 Qb7 30. Rd8+ Kh7 31. Qxf7 Qxe4 32. Qe8 Bxh4 33. Qh8+ Kg6 34. gxh4 Rf6 35. Qe8+ Kh7 36. Qh5 Ng6 37. Kg3 Rxf3+ 38. Qxf3 Qxh4+ 39. Kg2 Qxd8 40. Qe4 Qg5+ 41. Kf1 h5 42. Ke2 Qf4 43. Qb1 e4 44. Qxb5 Qf3+ 45. Kf1 h4 46. Kg1 h3 47. Qg5 h2+ 48. Kxh2 Qxf2+ 49. Ng2 Qf3 50. c4 e3 51. Nxe3 1/2-1/2

[Event "Daventry 4NCL Easter Open"]
[Site "Daventry"]
[Date "2025.04.18"]
[Round "1.10"]
[White "Ganguly, Aryaman"]
[Black "Kothari, Jai"]
[Result "1/2-1/2"]
[WhiteElo "1992"]
[BlackElo "2204"]
[PlyCount "105"]
[EventDate "2025.04.18"]
[EventType "swiss"]
[EventRounds "7"]
[EventCountry "ENG"]
[SourceTitle "BritBase"]
[Source "John Saunders"]
[SourceDate "2025.09.17"]
[SourceVersion "1"]
[SourceVersionDate "2025.09.17"]
[SourceQuality "1"]

1. e4 c5 2. Nf3 Nc6 3. d4 cxd4 4. Nxd4 g6 5. Nc3 Bg7 6. Be3 Nf6 7. Bc4 O-O 8. Bb3 Re8 9. f3 e6 10. O-O d5 11. exd5 Nxd5 12. Nxd5 exd5 13. Bf2 Qg5 14. Kh1 a6 15. c3 Bd7 16. Rc1 Nxd4 17. f4 Qf5 18. Bxd4 Bb5 19. Rf2 Bxd4 20. Qxd4 Rad8 21. Bc2 Qh5 22. Bd3 Bxd3 23. Qxd3 Qh4 24. g3 Qf6 25. Rd1 Re4 26. Kg2 Qf5 27. Re2 Rxe2+ 28. Qxe2 Kf8 29. Qf2 Qe4+ 30. Kg1 Re8 31. a3 Kg7 32. Qd4+ Qxd4+ 33. Rxd4 Re2 34. b4 Ra2 35. Rxd5 Rxa3 36. Rd7 b5 37. Rc7 Ra2 38. Rc6 Kf8 39. Rc7 Ke8 40. Kh1 h5 41. Kg1 h4 42. gxh4 Kf8 43. Rc5 Ke7 44. h5 gxh5 45. Rxh5 Kf6 46. Rc5 Kg6 47. Rg5+ Kh6 48. Rg2 Ra1+ 49. Kf2 Rc1 50. Rg3 f5 51. h3 Rc2+ 52. Ke1 Kh5 53. Kd1 1/2-1/2

[Event "Daventry 4NCL Easter Open"]
[Site "Daventry"]
[Date "2025.04.18"]
[Round "1.11"]
[White "Cox, Tristan A"]
[Black "Hadi, Justin"]
[Result "0-1"]
[WhiteElo "2181"]
[BlackElo "1977"]
[PlyCount "176"]
[EventDate "2025.04.18"]
[EventType "swiss"]
[EventRounds "7"]
[EventCountry "ENG"]
[SourceTitle "BritBase"]
[Source "John Saunders"]
[SourceDate "2025.09.17"]
[SourceVersion "1"]
[SourceVersionDate "2025.09.17"]
[SourceQuality "1"]

1. g3 d5 2. Bg2 Nf6 3. d3 Bf5 4. c4 c6 5. Qb3 Qb6 6. Be3 Qxb3 7. axb3 a6 8. Nf3 e6 9. O-O h6 10. Bd4 Nbd7 11. Bc3 Be7 12. Nbd2 O-O 13. b4 Rfe8 14. Rfd1 Bf8 15. e4 Bg6 16. e5 Nh7 17. Nb3 dxc4 18. dxc4 Nb6 19. Na5 Rab8 20. h4 Be7 21. Bd4 Bd8 22. Bc5 Bc7 23. Bd6 Rec8 24. Rd2 Nf8 25. Rad1 Nbd7 26. c5 Be4 27. Re1 Bd5 28. Nd4 Bxd6 29. exd6 Nf6 30. f4 N8d7 31. Bxd5 Nxd5 32. Re4 N7f6 33. Re5 Nxb4 34. f5 Nd7 35. Re1 e5 36. Ne6 Nd5 37. Re4 fxe6 38. fxe6 Nxc5 39. Rxe5 Re8 40. Rde2 Rbd8 41. b4 Nxb4 42. Rxc5 Rxd6 43. Rc4 Nd5 44. Nxb7 Rdxe6 45. Ra2 Nc7 46. Nc5 Re2 47. Raa4 R8e3 48. Rg4 Rc2 49. Rae4 Rxe4 50. Nxe4 Nd5 51. Nd6 Ne3 52. Re4 Rg2+ 53. Kh1 Rxg3 54. h5 Rh3+ 55. Kg1 Nd5 56. Re8+ Kh7 57. Ra8 Rxh5 58. Rxa6 c5 59. Rc6 Rg5+ 60. Kf2 Rg6 61. Kf3 Ne7 62. Rb6 Nf5 63. Nc4 Rxb6 64. Nxb6 g5 65. Ke4 Kg6 66. Nd7 Nd6+ 67. Ke5 Nb7 68. Ke4 h5 69. Ne5+ Kf6 70. Nc4 h4 71. Kf3 Kf5 72. Ne3+ Kg6 73. Kg4 Nd6 74. Nd5 c4 75. Ne7+ Kf6 76. Nd5+ Kg6 77. Ne7+ Kh6 78. Nd5 Nf7 79. Nc3 Kg6 80. Ne4 Ne5+ 81. Kh3 Kf5 82. Nc3 Ng6 83. Kg2 g4 84. Kf2 Nf4 85. Ke3 g3 86. Kf3 g2 87. Kf2 h3 88. Kg1 Ke5 0-1

[Event "Daventry 4NCL Easter Open"]
[Site "Daventry"]
[Date "2025.04.18"]
[Round "1.12"]
[White "Manisse, Pierre-Damien"]
[Black "Chan, Sheng Liang Bernard"]
[Result "0-1"]
[WhiteElo "1970"]
[BlackElo "2177"]
[PlyCount "140"]
[EventDate "2025.04.18"]
[EventType "swiss"]
[EventRounds "7"]
[EventCountry "ENG"]
[SourceTitle "BritBase"]
[Source "John Saunders"]
[SourceDate "2025.09.17"]
[SourceVersion "1"]
[SourceVersionDate "2025.09.17"]
[SourceQuality "1"]

1. d4 Nf6 2. Nc3 d5 3. Bf4 Bf5 4. f3 h5 5. e3 e6 6. Bd3 Bxd3 7. Qxd3 Bd6 8. Nge2 a6 9. e4 Bxf4 10. Nxf4 dxe4 11. fxe4 Nc6 12. O-O-O e5 13. dxe5 Qxd3 14. Nxd3 Ng4 15. h3 Ngxe5 16. Nf4 Ne7 17. Rd4 Rd8 18. Rhd1 Rxd4 19. Rxd4 c6 20. Na4 Nd7 21. Nd3 b6 22. Rd6 a5 23. Kd2 h4 24. e5 Rh5 25. e6 fxe6 26. Rxe6 Rg5 27. Re2 Kd8 28. Nc3 Ng6 29. Ne4 Rd5 30. Nc3 Rg5 31. Ne4 Rd5 32. Nc3 Rf5 33. Re6 Nde5 34. Ne4 Kd7 35. Nxe5+ Nxe5 36. Rd6+ Kc7 37. Re6 Kd7 38. Rd6+ Ke7 39. Rd4 c5 40. Nxc5 bxc5 41. Rxh4 Rf2+ 42. Kd1 Rxg2 43. Ra4 Nc6 44. a3 Kd6 45. Kc1 Kd5 46. Kb1 g5 47. b3 Kd6 48. Kc1 Nd4 49. b4 Rxc2+ 50. Kd1 axb4 51. axb4 Rh2 52. bxc5+ Kxc5 53. Ra3 Rg2 54. Ke1 Rb2 55. Ra8 Kd5 56. Kf1 Ke5 57. Rf8 Rh2 58. Kg1 Rxh3 59. Kg2 Ra3 60. Rf7 Nf5 61. Rb7 g4 62. Rb5+ Kf4 63. Rb4+ Kg5 64. Rb8 Ra2+ 65. Kg1 Kh4 66. Rb3 g3 67. Rb4+ Kh3 68. Rb1 Nd4 69. Re1 Nf3+ 70. Kh1 g2# 0-1

[Event "Daventry 4NCL Easter Open"]
[Site "Daventry"]
[Date "2025.04.18"]
[Round "1.13"]
[White "Bharat Kumar, Balahari"]
[Black "Miller, George I"]
[Result "1-0"]
[WhiteElo "2165"]
[BlackElo "1950"]
[PlyCount "55"]
[EventDate "2025.04.18"]
[EventType "swiss"]
[EventRounds "7"]
[EventCountry "ENG"]
[SourceTitle "BritBase"]
[Source "John Saunders"]
[SourceDate "2025.09.17"]
[SourceVersion "1"]
[SourceVersionDate "2025.09.17"]
[SourceQuality "1"]

1. d4 d5 2. c4 e6 3. Nf3 c5 4. e3 Nf6 5. Nc3 Nc6 6. a3 cxd4 7. exd4 Be7 8. Bd3 O-O 9. O-O dxc4 10. Bxc4 Na5 11. Ba2 b6 12. b4 Nc6 13. Qd3 Bb7 14. Be3 Rc8 15. Rad1 Nd5 16. Nxd5 exd5 17. Qf5 Ba6 18. Rfe1 Bc4 19. Bxc4 dxc4 20. d5 Nb8 21. d6 Bf6 22. Bg5 Nd7 23. Re7 Nb8 24. Bxf6 gxf6 25. Ng5 fxg5 26. Qxg5+ Kh8 27. Qf6+ Kg8 28. Rd4 1-0

[Event "Daventry 4NCL Easter Open"]
[Site "Daventry"]
[Date "2025.04.18"]
[Round "1.14"]
[White "Richmond, Frank"]
[Black "Potter, John M"]
[Result "0-1"]
[WhiteElo "1944"]
[BlackElo "2159"]
[PlyCount "74"]
[EventDate "2025.04.18"]
[EventType "swiss"]
[EventRounds "7"]
[EventCountry "ENG"]
[SourceTitle "BritBase"]
[Source "John Saunders"]
[SourceDate "2025.09.17"]
[SourceVersion "1"]
[SourceVersionDate "2025.09.17"]
[SourceQuality "1"]

1. e4 e6 2. d4 d5 3. Nc3 Bb4 4. e5 Ne7 5. a3 Bxc3+ 6. bxc3 c5 7. Qg4 cxd4 8. Qxg7 Rg8 9. Qxh7 Qc7 10. Ne2 dxc3 11. Qd3 Nbc6 12. f4 d4 13. Nxd4 Nxd4 14. Qxd4 Bd7 15. Rb1 Nf5 16. Qf2 Bc6 17. Rg1 Rh8 18. h3 Qa5 19. Bd3 O-O-O 20. Bb5 Rd5 21. Bxc6 bxc6 22. g4 Rhd8 23. gxf5 Rd1+ 24. Ke2 R8d2+ 25. Bxd2 Rxd2+ 26. Ke1 Rxf2 27. Rg8+ Kc7 28. Rgb8 c5 29. Kxf2 Qa4 30. R8b3 Qxf4+ 31. Kg2 Qe4+ 32. Kg1 Qe3+ 33. Kg2 Qe2+ 34. Kg1 Qxc2 35. Rb5 Kc6 36. Rb7 Qxf5 37. Rb8 c2 0-1

[Event "Daventry 4NCL Easter Open"]
[Site "Daventry"]
[Date "2025.04.18"]
[Round "1.15"]
[White "Pilley, Jack"]
[Black "Burton, Sean"]
[Result "1/2-1/2"]
[WhiteElo "2145"]
[BlackElo "1904"]
[PlyCount "158"]
[EventDate "2025.04.18"]
[EventType "swiss"]
[EventRounds "7"]
[EventCountry "ENG"]
[SourceTitle "BritBase"]
[Source "John Saunders"]
[SourceDate "2025.09.17"]
[SourceVersion "1"]
[SourceVersionDate "2025.09.17"]
[SourceQuality "1"]

1. e4 c5 2. Nf3 d6 3. Bb5+ Nd7 4. O-O Ngf6 5. Re1 a6 6. Bf1 b5 7. a4 bxa4 8. Rxa4 e5 9. c3 Nb6 10. Ra1 Bb7 11. d4 Qc7 12. d5 Be7 13. Na3 O-O 14. Nc2 Bc8 15. Nd2 Ne8 16. Ne3 g6 17. Ndc4 Nxc4 18. Nxc4 f5 19. exf5 gxf5 20. f4 e4 21. Be3 Nf6 22. Bf2 Ng4 23. Bg3 Rf7 24. Be2 Rg7 25. Bxg4 Rxg4 26. Ne3 Rg6 27. Qh5 Qd7 28. Bh4 Bf8 29. Bg3 Qf7 30. Red1 Bd7 31. Rd2 Rh6 32. Qe2 Bb5 33. Qd1 Bd3 34. Rxd3 exd3 35. Qxd3 a5 36. Nxf5 Rf6 37. Ne3 Bh6 38. Ng4 Rg6 39. h3 Bf8 40. Qf3 h5 41. Ne3 Rf6 42. Nc4 Rf5 43. Rf1 Rb8 44. Rd1 a4 45. Bh2 Re8 46. g4 Rf6 47. f5 hxg4 48. hxg4 Qh7 49. Bf4 Qh4 50. Kg2 Re1 51. Rxe1 Qxe1 52. Bg5 Rf7 53. Qe3 Qd1 54. Qf3 Qe1 55. Ne3 Rh7 56. Nf1 Qb1 57. Qe2 Rg7 58. Bf6 Rb7 59. Qe6+ Kh7 60. c4 Qc2+ 61. Kg1 Qxc4 62. Ne3 Qf4 63. g5 Qg3+ 64. Ng2 Bg7 65. g6+ Kh6 66. Bxg7+ Rxg7 67. Qe8 Qe5 68. Qf8 Qd4+ 69. Kh2 Kg5 70. Qd8+ Kxf5 71. Nh4+ Ke4 72. Qe8+ Kxd5 73. Qa8+ Ke6 74. Qe8+ Kd5 75. Qa8+ Ke6 76. Qc8+ Kd5 77. Qa8+ Ke6 78. Qc8+ Kd5 79. Qa8+ Ke5 1/2-1/2

[Event "Daventry 4NCL Easter Open"]
[Site "Daventry"]
[Date "2025.04.18"]
[Round "1.16"]
[White "Li, Reya"]
[Black "Dilley, Jason M"]
[Result "1/2-1/2"]
[WhiteElo "1895"]
[BlackElo "2143"]
[PlyCount "73"]
[EventDate "2025.04.18"]
[EventType "swiss"]
[EventRounds "7"]
[EventCountry "ENG"]
[SourceTitle "BritBase"]
[Source "John Saunders"]
[SourceDate "2025.09.17"]
[SourceVersion "1"]
[SourceVersionDate "2025.09.17"]
[SourceQuality "1"]

1. e4 g6 2. d4 Bg7 3. Nf3 d6 4. Bd3 c5 5. c3 cxd4 6. cxd4 Nc6 7. Nc3 Bg4 8. d5 Ne5 9. Nxe5 Bxd1 10. Bb5+ Kf8 11. Nd7+ Qxd7 12. Bxd7 Nf6 13. Kxd1 Nxd7 14. Be3 Ne5 15. Bd4 Nd3 16. Bxg7+ Kxg7 17. Ke2 Nf4+ 18. Kf3 g5 19. g3 Ng6 20. Kg4 Kf6 21. f4 gxf4 22. gxf4 Rhg8 23. Kf3 Nh4+ 24. Ke3 Rg2 25. Rhg1 Rag8 26. Ne2 e6 27. dxe6 fxe6 28. Rad1 Ke7 29. h3 R8g6 30. Rxg2 Nxg2+ 31. Kf2 Nh4 32. Rg1 Rxg1 33. Nxg1 Kf6 34. Kg3 Ng6 35. Ne2 Ne7 36. Kg4 e5 37. Nc3 1/2-1/2

[Event "Daventry 4NCL Easter Open"]
[Site "Daventry"]
[Date "2025.04.18"]
[Round "1.17"]
[White "Burrows, Martin P"]
[Black "Deighan, Matthew J"]
[Result "1-0"]
[WhiteElo "2141"]
[BlackElo "1811"]
[PlyCount "81"]
[EventDate "2025.04.18"]
[EventType "swiss"]
[EventRounds "7"]
[EventCountry "ENG"]
[SourceTitle "BritBase"]
[Source "John Saunders"]
[SourceDate "2025.09.17"]
[SourceVersion "1"]
[SourceVersionDate "2025.09.17"]
[SourceQuality "1"]

1. e4 c5 2. Nf3 Nc6 3. Bb5 e5 4. O-O Bd6 5. c3 Bc7 6. Re1 Nge7 7. d4 cxd4 8. cxd4 Nxd4 9. Nxd4 exd4 10. Qxd4 O-O 11. Nc3 Nc6 12. Qd1 a6 13. Bf1 Re8 14. Nd5 Ba5 15. Bd2 Bxd2 16. Qxd2 b5 17. a4 b4 18. Rad1 a5 19. Qf4 Ne5 20. Qg3 Ba6 21. f4 Bxf1 22. fxe5 Bc4 23. Nf6+ Kh8 24. Nxe8 Qxe8 25. Rd6 Be6 26. Rc1 Qb8 27. Qe3 h6 28. h3 Kg8 29. Qc5 Qb7 30. Qd4 Qb8 31. Kh2 Qd8 32. Qe3 Kh8 33. Rc5 Qb8 34. Rb5 Qc7 35. Rc5 Qb7 36. Rd1 Kg8 37. Rdc1 Kh7 38. Rc7 Qa6 39. Kg1 Kg8 40. Kf2 d6 41. R1c6 1-0

[Event "Daventry 4NCL Easter Open"]
[Site "Daventry"]
[Date "2025.04.18"]
[Round "1.18"]
[White "Sahoo, Shivam"]
[Black "Cook, Phil"]
[Result "0-1"]
[WhiteElo "1794"]
[BlackElo "2101"]
[PlyCount "96"]
[EventDate "2025.04.18"]
[EventType "swiss"]
[EventRounds "7"]
[EventCountry "ENG"]
[SourceTitle "BritBase"]
[Source "John Saunders"]
[SourceDate "2025.09.17"]
[SourceVersion "1"]
[SourceVersionDate "2025.09.17"]
[SourceQuality "1"]

1. d4 Nf6 2. c4 c5 3. d5 b5 4. cxb5 a6 5. bxa6 e6 6. Nc3 exd5 7. Nxd5 Be7 8. e3 Nxd5 9. Qxd5 Ra7 10. Bc4 O-O 11. Nf3 Nxa6 12. Ne5 Qe8 13. O-O Nb4 14. Qxf7+ Rxf7 15. Bxf7+ Qxf7 16. Nxf7 Kxf7 17. a3 Nd3 18. Rd1 c4 19. Rb1 Bf6 20. Rd2 Ba6 21. Rc2 Rb7 22. Bd2 Bxb2 23. Bc3 Bxa3 24. Rxb7 Bxb7 25. Ra2 Bc5 26. Ra1 Bc6 27. Rb1 Ba4 28. Kf1 Bb3 29. Ke2 Nb4 30. Kd2 Nd5 31. e4 Nxc3 32. Kxc3 g5 33. g3 g4 34. h3 h5 35. hxg4 hxg4 36. Rf1 Ke6 37. f4 gxf3 38. Rxf3 Bd6 39. g4 Be5+ 40. Kb4 Bd1 41. Rf2 c3 42. Kc4 c2 43. Rxc2 Bxc2 44. g5 Bxe4 45. Kc5 d5 46. g6 Bxg6 47. Kb4 d4 48. Kb3 d3 0-1

[Event "Daventry 4NCL Easter Open"]
[Site "Daventry"]
[Date "2025.04.19"]
[Round "2.1"]
[White "Potter, John M"]
[Black "Mahadevan, Siva"]
[Result "0-1"]
[WhiteElo "2159"]
[BlackElo "2517"]
[PlyCount "62"]
[EventDate "2025.04.18"]
[EventType "swiss"]
[EventRounds "7"]
[EventCountry "ENG"]
[SourceTitle "BritBase"]
[Source "John Saunders"]
[SourceDate "2025.09.17"]
[SourceVersion "1"]
[SourceVersionDate "2025.09.17"]
[SourceQuality "1"]

1. e4 c5 2. Nf3 Nc6 3. g3 g6 4. Bg2 Bg7 5. O-O d6 6. h3 e5 7. d3 Nge7 8. Nc3 h6 9. Be3 Be6 10. Kh2 Qd7 11. a4 f5 12. Nd2 g5 13. exf5 Nxf5 14. Nd5 O-O 15. Qh5 Nb4 16. Nxb4 cxb4 17. Ne4 Rac8 18. c4 bxc3 19. Nxc3 b6 20. a5 b5 21. Nd5 Rc2 22. Rac1 Nxe3 23. Nxe3 Rxc1 24. Rxc1 Rxf2 25. b4 Bf7 26. Qg4 Be6 27. Qh5 Rd2 28. Qg6 Bxh3 29. Nd5 Rxg2+ 30. Kh1 Qf7 31. Qe4 Rxg3 0-1

[Event "Daventry 4NCL Easter Open"]
[Site "Daventry"]
[Date "2025.04.19"]
[Round "2.2"]
[White "Hebden, Mark L"]
[Black "Bharat Kumar, Balahari"]
[Result "1-0"]
[WhiteElo "2451"]
[BlackElo "2165"]
[PlyCount "61"]
[EventDate "2025.04.18"]
[EventType "swiss"]
[EventRounds "7"]
[EventCountry "ENG"]
[SourceTitle "BritBase"]
[Source "John Saunders"]
[SourceDate "2025.09.17"]
[SourceVersion "1"]
[SourceVersionDate "2025.09.17"]
[SourceQuality "1"]

1. e4 g6 2. d4 Bg7 3. Nf3 d6 4. Bc4 a6 5. O-O b5 6. Bb3 e6 7. a4 Bb7 8. axb5 axb5 9. Rxa8 Bxa8 10. Qe2 Qd7 11. d5 c5 12. dxc6 Bxc6 13. Rd1 Ne7 14. Bf4 Qb7 15. Bxd6 O-O 16. e5 Nf5 17. Bxf8 Bxf8 18. Nbd2 Bc5 19. c3 Nd7 20. Bc2 Nb6 21. Ne4 Bf8 22. Nf6+ Kg7 23. Be4 h5 24. Nd4 Nxd4 25. Rxd4 Nc4 26. Rd7 Qa8 27. Bxc6 Qxc6 28. b3 Nb6 29. Rd3 Be7 30. Nxh5+ gxh5 31. Qxh5 1-0